|
|
|
|
| LEADER |
00000nbm0a2200000 4500 |
| 001 |
217726 |
| 005 |
20231101230135.0 |
| 035 |
|
|
|a (RuTPU)RU\TPU\book\237728
|
| 035 |
|
|
|a RU\TPU\book\237725
|
| 090 |
|
|
|a 217726
|
| 100 |
|
|
|a 20120607j20120529k y0rusy50 ca
|
| 101 |
0 |
|
|a rus
|
| 102 |
|
|
|a RU
|
| 105 |
|
|
|a a m 001zy
|
| 200 |
1 |
|
|a Экогеохимия горнопромышленного техногенеза Южного Урала
|e диссертация на соискание ученой степени доктора геолого-минералогических наук
|e спец. 25.00.09
|f В. Н. Удачин
|g Российская академия наук (РАН), Уральское отделение (УрО), Институт минералогии (ИМ)
|
| 210 |
|
|
|a Томск
|d 2012
|
| 215 |
|
|
|a 352 с.
|c ил.
|
| 300 |
|
|
|a Защищена 29.05.2012 г.
|
| 320 |
|
|
|a Библиогр.: с. 261-290.
|
| 606 |
1 |
|
|a Химические элементы
|x Миграция
|2 stltpush
|3 (RuTPU)RU\TPU\subj\66536
|9 82622
|
| 610 |
1 |
|
|a техногенез
|
| 610 |
1 |
|
|a окружающая среда
|
| 610 |
1 |
|
|a преобразование
|
| 610 |
1 |
|
|a Южный Урал
|
| 610 |
1 |
|
|a географическое положение
|
| 610 |
1 |
|
|a природные условия
|
| 610 |
1 |
|
|a геохимия
|
| 610 |
1 |
|
|a микроэлементы
|
| 610 |
1 |
|
|a атмосферная миграция
|
| 610 |
1 |
|
|a почва
|
| 610 |
1 |
|
|a донные отложения
|
| 610 |
1 |
|
|a тяжелые металлы
|
| 610 |
1 |
|
|a миграционные циклы
|
| 610 |
1 |
|
|a горнопромышленный техногенез
|
| 610 |
1 |
|
|a оценка
|
| 610 |
1 |
|
|a изотопно-геохимические методы
|
| 610 |
1 |
|
|a диссертации
|
| 675 |
|
|
|a 550.424(04)
|v 3
|
| 686 |
|
|
|a 25.00.09
|2 oksvnk
|
| 700 |
|
1 |
|a Удачин
|b В. Н.
|g Валерий Николаевич
|
| 712 |
0 |
2 |
|a Российская академия наук (РАН)
|b Уральское отделение (УрО)
|b Институт минералогии (ИМ)
|c (Миасс)
|2 stltpush
|3 (RuTPU)RU\TPU\col\11835
|
| 801 |
|
1 |
|a RU
|b 63413507
|c 20120607
|
| 801 |
|
2 |
|a RU
|b 63413507
|c 20150211
|g RCR
|
| 942 |
|
|
|c BK
|